Ofrenda en los festejos eucaristicos de 1913 (Registro nro. 166375)

Detalles MARC
001 - NÚMERO DE CONTROL
campo de control 633944
005 - FECHA Y HORA DE LA ÚLTIMA TRANSACCIÓN
campo de control 20240201161341.0
008 - DATOS DE LONGITUD FIJA--INFORMACIÓN GENERAL
campo de control de longitud fija 001102e19130901 spa
035 ## - NÚMERO DE CONTROL DEL SISTEMA
Número de control de sistema 633944
035 ## - NÚMERO DE CONTROL DEL SISTEMA
Número de control de sistema (OCoLC)819857495
040 ## - FUENTE DE LA CATALOGACIÓN
Centro/agencia transcriptor comduadb
041 ## - CÓDIGO DE LENGUA
Código de lengua del texto/banda sonora o título independiente spa
100 10 - ENTRADA PRINCIPAL--NOMBRE DE PERSONA
Nombre de persona Vidal Pacheco, Gonzalo
Código de función aut
Término indicativo de función/relación Autor/a
9 (RLIN) 307347
245 10 - MENCIÓN DE TÍTULO
Título Ofrenda en los festejos eucaristicos de 1913
650 ## - PUNTO DE ACCESO ADICIONAL DE MATERIA--TÉRMINO DE MATERIA
Término de materia o nombre geográfico como elemento de entrada Poesia religiosa
9 (RLIN) 19283
650 ## - PUNTO DE ACCESO ADICIONAL DE MATERIA--TÉRMINO DE MATERIA
Término de materia o nombre geográfico como elemento de entrada Soneto
9 (RLIN) 61759
773 0# - ENLACE AL DOCUMENTO FUENTE/ENTRADA DE REGISTRO ANFITRIÓN
Título La Miscelánea : Revista Literaria y Científica : Órgano del Liceo Antioqueño (Medellín)
Parte(s) relacionada(s) Vol. 11, Nos. 11-12, Sep. 1913, p. 378
Número de control del registro 614904
Número bibliográfico anfitrión 181985
942 ## - ELEMENTOS DE ENTRADA AGREGADA (KOHA)
Tipo de ítem Koha Artículo de Revista

No hay ítems disponibles.